000 01647cam a2200469 4500
001 21282
003 VRT
005 20260226085049.0
008 240210s2020 xo er 000 fdslo
015 _aSNBA2020/10
020 _a9788056906156
_q(viazané)
035 _aurn:nbn:sk:snk-am00ffbo
035 _aurn:nbn:sk:snk-am3irpt
035 _aF438B90A-750B-4D2B-B415-BDCE8402D8B3
039 9 _a202402100850
_bVLOAD
_c202207140718
_dmsvkbb04
_c202207130918
_dmsvkbb04
_c202107010914
_dVLOAD
040 _aPPPK
_bslo
_cPPPK
_dSNK
_erda
041 0 _aslo
044 _axo
_cSK
072 7 _a821.162.4-3
_xSlovenská próza
_2konspekt
080 _a821.162.4-31
_22011
080 _a(0:82-312.5)
_22011
100 1 _aKvotidianová, Andrea
_4aut
245 1 0 _aMala tajomstvo
_cAndrea Kvotidianová
250 _a1. vydanie
264 1 _aBratislava
_bMarenčin PT
_c2020
300 _a190 strán
_c21 cm
336 _atext
_btxt
_2rdacontent
337 _abez média
_bn
_2rdamedia
338 _azväzok
_bnc
_2rdacarrier
500 _aV tiráži uvedený chybný rok vydania 2019
500 _aObsahuje biografické údaje o autorke na záložke prebalu publikácie
655 7 _aslovenské romány
_2SNKPH
655 7 _aSlovak fiction
_2SNKPHeng
655 7 _aľúbostné romány
_2SNKPH
655 7 _aLove novels
_2SNKPHeng
910 _asnk
942 _2ddc
_cKLDO
_n0
949 _617A1445984
_asnkSC 190237 D1
_bsnk2020/20794
_o1587/20
949 _6270001000650892
_asvkbbA 164707
_bsvkbbm 800665
949 _617A1443441
_asnkSC 190237
_bsnk2020/16910
_o1587/20
_s6100:20201013
999 _c21282
_d21282